000 01299cam a22002891 4500
001 gs 39000021
003 DLC
005 20260227111344.0
008 851004s1936 mx ab b 000 0 spa c
010 _ags 39000021
035 _a(OCoLC)12634093
040 _aU.S. Geol. Survey. Libr.
_cTxHR
_dOCoLC
_dDLC
042 _apremarc
050 0 0 _aQE201
_b.M4 t. 6
100 1 _aHernández, Apolinar.
245 0 0 _aHidrogeología del Valle de Morelia, Mich.,
_cpor Apolinar Hernández. Hidrogeología de la zona de Tenango del Valle, Almoloya del Río, Amomolulco y sus vertientes en el Estado de México, por Apolinar Hernández y Luis Blásquez.
260 _aMéxico,
_bTall. Gráf. de la Nación,
_c1936.
300 _axi, 99 p.
_billus., 3 fold. col. maps, tables.
_c23 cm.
490 1 _aAnales del Instituto de Geología,
_vt. 6
500 _aAt head of title: Universidad Nacional de México. Instituto de Geología.
504 _a"Glosario de términos geológicos usados en este tomo": p. [91]-99.
650 0 _aWater-supply
_zMexico
_zMichoacán de Ocampo.
650 0 _aGeology
_zMexico
_zMichoacán de Ocampo.
650 0 _aWater-supply
_zMexico
_zMexico (State)
650 0 _aGeology
_zMexico
_zMexico (State)
810 2 _aUniversidad Nacional.
_bInstituto de Geologia.
_tAnales ;
_vt. 6.
999 _c27506
_d27506